Institutionalization of State Policy Evolving Urban Housing Reforms in China /

Using fresh evidence and a novel methodological framework, this book sheds light on how institutions have driven economic reform in China's urban housing sector. The book systematically analyzes the developmental role of the state in China, with rich empirical evidence to show how decentralizat...

Πλήρης περιγραφή

Λεπτομέρειες βιβλιογραφικής εγγραφής
Κύριοι συγγραφείς: Zhang, Miao (Συγγραφέας), Rasiah, Rajah (Συγγραφέας)
Συγγραφή απο Οργανισμό/Αρχή: SpringerLink (Online service)
Μορφή: Ηλεκτρονική πηγή Ηλ. βιβλίο
Γλώσσα:English
Έκδοση: Singapore : Springer Singapore : Imprint: Springer, 2015.
Σειρά:Dynamics of Asian Development,
Θέματα:
Διαθέσιμο Online:Full Text via HEAL-Link
LEADER 04027nam a22004695i 4500
001 978-981-287-570-9
003 DE-He213
005 20151204162924.0
007 cr nn 008mamaa
008 150610s2015 si | s |||| 0|eng d
020 |a 9789812875709  |9 978-981-287-570-9 
024 7 |a 10.1007/978-981-287-570-9  |2 doi 
040 |d GrThAP 
050 4 |a JA77 
072 7 |a KCP  |2 bicssc 
072 7 |a POL023000  |2 bisacsh 
082 0 4 |a 339.5  |2 23 
100 1 |a Zhang, Miao.  |e author. 
245 1 0 |a Institutionalization of State Policy  |h [electronic resource] :  |b Evolving Urban Housing Reforms in China /  |c by Miao Zhang, Rajah Rasiah. 
264 1 |a Singapore :  |b Springer Singapore :  |b Imprint: Springer,  |c 2015. 
300 |a XIII, 133 p. 16 illus.  |b online resource. 
336 |a text  |b txt  |2 rdacontent 
337 |a computer  |b c  |2 rdamedia 
338 |a online resource  |b cr  |2 rdacarrier 
347 |a text file  |b PDF  |2 rda 
490 1 |a Dynamics of Asian Development,  |x 2198-9923 
505 0 |a Chapter 1: Introduction -- 1.1 Introduction -- 1.2: Problematizing Urban Housing in China -- 1.3: Research Questions and Objectives -- 1.4: Key Concepts -- 1.5: Outline of Book -- Chapter 2: Literature Review -- 2.1: Introduction -- 2.2: Theory and Evidence -- 2.2.1: State -- 2.2.2: Institutions -- 2.2.3: A State in Transition -- 2.3: Chapter Summary -- Chapter 3: Methodology and Data -- 3.1: Introduction.-3.2: Institutional Methodology -- 3.3: Analytic Framework -- 3.4: Research Mode and Data -- 3.4.1: Qualitative Data -- 3.4.2: Quantitative Data -- 3.5: Chapter Summary -- Chapter 4: The Transformation of State-Owned Enterprises -- 4.1: Introduction -- 4.2: Theoretical Consideration -- 4.3: Market Reforms -- 4.3.1: Land Reforms -- 4.3.2: SOE Reforms -- 4.4: The Evolving Role of SOEs in Urban Housing Sector -- 4.4.1: Phase 1: Constructor, Distributor and Property Manager (1978--1988) -- 4.4.2: Phase 2: Transformation Role (1988 – 1998) -- 4.4.3: Phase 3: Developer, Investor and Speculator (1998 – 2013) -- 4.5: Chapter Summary -- Chapter 5: Intermediary Role of Provincial Governments -- 5.1: Introduction -- 5.2: Theoretical and Methodological Considerations -- 5.3: Uneven Development -- 5.4: Contrasting Institutional Experiences -- 5.4.1: Leadership -- 5.4.2: Legislative -- 5.4.3: Land Use -- 5.4.4: Living Culture -- 5.5: Chapter Summary. 
520 |a Using fresh evidence and a novel methodological framework, this book sheds light on how institutions have driven economic reform in China's urban housing sector. The book systematically analyzes the developmental role of the state in China, with rich empirical evidence to show how decentralization has brought about significant participation by the different levels of government with the central, provincial and municipal governments focusing on initiation, intermediation and implementation roles respectively. Despite many Western analysts claiming that it is single complex superstructure, the institutionalization of governance structures in China following reforms has taken place through strong coordination between governments at different levels to meet targeted plans. Although China still has a long way to go to before it can be considered developed, this book elaborates on how the country offers a unique alternative for other states seeking to develop by striking a balance between capitalist and socialist instruments. 
650 0 |a Political science. 
650 0 |a Political economy. 
650 0 |a Social policy. 
650 1 4 |a Political Science and International Relations. 
650 2 4 |a Political Economy. 
650 2 4 |a Social Policy. 
700 1 |a Rasiah, Rajah.  |e author. 
710 2 |a SpringerLink (Online service) 
773 0 |t Springer eBooks 
776 0 8 |i Printed edition:  |z 9789812875693 
830 0 |a Dynamics of Asian Development,  |x 2198-9923 
856 4 0 |u http://dx.doi.org/10.1007/978-981-287-570-9  |z Full Text via HEAL-Link 
912 |a ZDB-2-SHU 
950 |a Humanities, Social Sciences and Law (Springer-11648)